000 00263nam a2200109Ia 4500
005 20251222152638.0
008 251222s9999||||xx |||||||||||||| ||spa||
082 _a912.729/U61
100 _aEditrorial UCSS
245 0 _aGuía Bibliográfica de Mapas
942 _cLIB
999 _c27984
_d27984